00263nam a22000857a 4500082001600000100002100016245007700037260004200114300002100156 a340.092 MAL aMalik, Muneer A. aThe Pakistan Lawyer's Movement:bAn Unfinished Agenda /cMuneer A. Malik aKarachi :bPakistan Law House,c2008. a383 p. ;c22 cm.